Name a Superhero A-Z - Statistics

General Stats
  • This quiz has been taken 231 times
  • The average score is 17 of 26
Answer Stats
Letter Superheroes % Correct
B Batman, Black Widow, Buzz Lightyear...
98%
A A-Train, Ant-Man, Aquaman...
95%
C Cable, Captain America, Cyclops...
95%
S Sailor Moon, Sportacus, Superman
95%
I Invincible, Invisible Woman, Iron Man...
91%
H He-Man, Hellboy, Hulk...
90%
D Deadpool, Dash Parr, Doctor Strange
89%
F Falcon, Flash, Frozone...
86%
G Gambit, Green Lantern, Groot...
85%
W Wasp, Wolverine, Wonder Woman...
85%
M Megamind, Mr. Incredible, Ms. Marvel...
81%
T Thing, Thor, Two-Gun Kid...
77%
R Raven, Robin, Rogue...
75%
P Professor X, Psylocke, Punisher...
65%
N Namor, Nightcrawler, Nova...
64%
E Echo, Elektra, Enigma Force...
59%
V Valkyrie, Violet Parr, Vision...
59%
J Jean Grey, Jewel, Jubilee...
55%
O Odin, Okoye, Omni Man...
50%
Q Quake, Queen Maeve, Quicksilver...
46%
Z Zatanna, Zenith, Zorro...
44%
U U.S. Agent, Ultra Boy, Underdog...
36%
K Ka-Zar, Kick-Ass, Krypto...
34%
L Lamplighter, Lavagirl, Luke Cage...
34%
X X-23, X-Man, XS...
29%
Y Yankee Girl, Yellowjacket, Yondu...
26%
No matching quizzes found
Score Distribution
Percent of People with Each Score
Percentile by Number Answered
Your Score History
You have not taken this quiz